The WORLD's forests: International initiatives since Rio

Bibliographic Details
Corporate Author: Commonwealth Forestry Association
Other Authors: Grayson
Format: Book
Published: Oxford, UK : The Commonwealth Forestry Association , [199 ]
Subjects:

MARC

LEADER 00000cam a2200000 7i4500
001 0000000180
005 20000812.0
020 0 0 |a 0951505912 
090 0 0 |a 634.92   |b WOR (199 ) 
245 0 4 |a The WORLD's forests: International initiatives since Rio   |c edited by A.J. Grayson 
260 0 0 |a Oxford, UK :   |b The Commonwealth Forestry Association ,   |c [199 ] 
300 |a iii, 72 p. ;   |c 21 cm. 
650 0 0 |a Forest management 
650 0 0 |a Forests and forestry 
700 0 1 |a Grayson   |h A.J. 
710 1 1 |a Commonwealth Forestry Association 
999 |a 0000001359   |b Monograph   |c Open Shelf   |e Default branch